| 000 | 00607nam a22001817a 4500 | ||
|---|---|---|---|
| 999 |
_c185226 _d185226 |
||
| 005 | 20220201114718.0 | ||
| 010 | _aENG-131340 | ||
| 020 |
_a9789354600234 _c930.00 |
||
| 035 | _aEN-114872 | ||
| 037 | _bDBAD | ||
| 082 | _a541.26 | ||
| 100 | _aBhatt, B.I. | ||
| 245 |
_aStoichiometry: _bMaterial And Engery Balance Computations/ _cB.I. Bhatt, S.B. Thakore, S.R. Shah |
||
| 260 |
_aChennai _bMcGraw Hill Education Private Limited _c2021 |
||
| 270 |
_bChennai _aAnjana Complex No. 5/90A, Butt Road, St. Thomas Mount _e600016 |
||
| 300 |
_a690p. _c24cm(pbk) |
||
| 942 |
_2ddc _cEN _h541.26 _mBHA |
||